000 00420cam a2200169ua 4500
001 2243
008 110802n ii |||gr||||Z||||||eng
040 _cMAIN
100 1 _aTalukdar, B. K.,
_eAuthor.
245 1 _aText book of education
_cby B. K. Talukdar
250 _a1st.
260 _aGuahati:
_bBina Library.
300 _avi; 130p:
_c23cm.
653 _aEducation
653 _aText book of education
942 _cBK
999 _c2110
_d2110